| 000 | 00763nam a2200229 a 4500 | ||
|---|---|---|---|
| 001 | 000036332 | ||
| 005 | 20200930075655.0 | ||
| 008 | 120113s1992 mx r 000 0 spa d | ||
| 020 | _a9682946999 | ||
| 040 |
_aDO-SdBNP _bspa _cBNPHU |
||
| 082 |
_axxxx _bxxxx |
||
| 100 | 1 |
_aBrunner, José Joaquín _962495 |
|
| 245 | 1 | 0 |
_aAmérica Latina : _bcultura y modernidad / _cJosé Joaquín Brunner. |
| 260 |
_aMéxico : _bConsejo Nacional para la Cultura y las Artes, _c1992. |
||
| 300 |
_a403 p. ; _c22 cm. |
||
| 490 | 1 | _aClaves de América Latina | |
| 590 | _aInventariado, 2019/BT | ||
| 650 | 1 | 4 |
_aModernidad _zAmérica Latina _962496 |
| 650 | 1 | 4 |
_aCultura _zAmérica Latina _94844 |
| 650 | 1 | 4 |
_aCultura y política _962497 |
| 830 | 0 |
_aclaves de América Latina _932587 |
|
| 999 |
_c35823 _d35823 |
||